LEADER 01151nam a2200277 4500 001 000000335501 003 CaOOAMICUS 005 20190725152355.0 008 190725s1757 it 000 u ita r 026 $aonle soMa eii. laal (3) 1757 (R) 040 $aSeMil$bita 041 0 $aita$alat 100 11$aMairan, Prudent,$c.$0(OLS)http://semarc/name/110000 245 03$aLe grandezze di Gesù Cristo e la difesa della sua divinità. 264 1$aIn Roma :$bAppresso i Fratelli Pagliarini,$c1757. 300 $axiv, 360 p. ;$c8° 500 $aSegn.: *8 A8(-A1) B4-2G4/8 500 $aIniziali, testate e finalini xilogr. 500 $aNome dell'A. dalla prefazione 700 1 $aPagliarini,$c.$0(OLS)http://semarc/name/15133 752 $aIT$dRoma 850 $aSeMil 852 $aSeMil$W1$xVenegono$y1$m3X II 132 FA$j214836$B227422$CSeMilBibl$Z2$F227422 $8I 996 $6245$aLe grandezze di Gesù Cristo e la difesa della sua divinità$9(OLS)http://semarc/title/424932 996 $6264$aIn Roma :$bAppresso i Fratelli Pagliarini$9(OLS)http://semarc/publisher/40969 LEADER 00883nam a2200217 i 4500 001 000000090276 003 CaOOAMICUS 005 20170522000000.0 008 170522s1985 it u000 u ita u 013 $a62518 040 $aSeMil$bita 245 10$a[Katimavik '85 :$b"luogo permanente di incontro"] /$c[Jean Vanier]. 260 $a[S.l. :$bs.n.],$cstampa 1985$e(Carugate :$fCentro stampa oratorio,$gstampa 1985) 300 $a75 p. ;$c21 cm. 650 4$aDisabili.$0(OLS)http://semarc/subject/3921 650 4$aVanier, Jean.$0(OLS)http://semarc/subject/16235 850 $aSeMil 852 $aSeMil$W1$xVenegono$y1$m5D IX 21/19$j53244$B53244$CSeMilBibl$Z2$F57877 $81 961 $aLascito: Coronelli don Renato 996 $6245$a[Katimavik '85 :$b"luogo permanente di incontro"]$9(OLS)http://semarc/title/406039 996 $6260$a[S.l. :$bs.n.]$9(OLS)http://semarc/publisher/29751